000 00795nam a2200193 4500
001 145263
003 ES-MaACL
005 20230906201210.0
007 t|
008 070214s1939 cu r ||||1| spa d
100 1 _aSouza y Rodríguez, Benigno.
_9107610
245 1 0 _aBiografía de un regimiento Mambí
_b: el regimiento Calixto Garcia /
_cdiscursos leídos en la recepción pública del Dr. Benigno Souza la noche del 29 de Junio de 1939 ; contesta Emeterio S. Santovenia y Echaide.
260 _aLa Habana :
_b[s. n.],
_c1939 (
_fImp. El Siglo XX)
300 _a165 p. ;
_c25 cm.
500 _aPrecede al tít.: Academia de la Historia de Cuba.
700 1 _aSantovenia, Emeterio S.
_9103543
710 2 _aAcademia de la Historia de Cuba.
_91183
852 _aES-MaACL
_j1835-F-16
_bR.18537
999 _c145263
_d145263